| 000 | 00612nam a2200193Ia 4500 | ||
|---|---|---|---|
| 008 | 100315s9999 xx 000 0 und d | ||
| 040 | _cENGLISH | ||
| 082 |
_b2846 _a658.15 |
||
| 100 | _a"KUCHHAL, S. C. " | ||
| 245 | _aFINANCIAL MANAGEMENT: AN ANALYTICAL AND CONCEPTUAL APPROACH | ||
| 260 |
_bALLAHABAD^BCHAITANYA _c1994 |
||
| 300 | _a"XI,525P " | ||
| 365 |
_eAus.Sch. _d1 _b105.00 |
||
| 366 | _f0 | ||
| 530 | _b- | ||
| 630 | _aFINANCIAL MANAGEMENT: AN ANALYTICAL AND CONCEPTUAL APPROACH | ||
| 730 | _aFINANCIAL MANAGEMENT: AN ANALYTICAL AND CONCEPTUAL APPROACH | ||
| 942 | _cBOOK | ||
| 999 |
_c477581 _d477578 |
||